| 000 | 00980pam a2200313 a 4500 | ||
|---|---|---|---|
| 001 | 6393 | ||
| 003 | FISKH | ||
| 005 | 20250428122125.0 | ||
| 008 | 850219s1985 nyua j 000 1 eng | ||
| 010 | _a 85004406 | ||
| 020 | _a0525442030 | ||
| 040 |
_aDLC _cDLC _dDLC _beng |
||
| 050 | _aPZ7.D12 M | ||
| 082 | _a306.85 | ||
| 100 | 1 | _aDabcovich, Lydia. | |
| 245 | 1 | 0 |
_aMrs. Huggins and her hen Hannah / _cLydia Dabcovich. |
| 250 | _aFirst Unicorn edition 1988 | ||
| 260 |
_aNew York : _bDutton, _c1985. |
||
| 300 |
_a24 unnumbered pages : _bcolor illustrations ; _c21 x 25 cm. |
||
| 505 | _aC | ||
| 520 | _aMrs. Huggins' contented relationship with her hen Hannah comes to an unfortunate end but is reborn in an unexpected way. | ||
| 521 | 8 |
_a100
_bLexile estimate |
|
| 521 | 8 |
_aC
_bRaz-Plus |
|
| 650 | 1 |
_aChickens _xFiction. |
|
| 650 | 1 |
_aDeath _xFiction. |
|
| 906 |
_a7 _bcbc _corignew _d1 _eocip _f19 _gy-gencatlg |
||
| 942 |
_2ddc _cBK _n0 |
||
| 999 |
_c6393 _d6393 |
||